El reconocimiento de Alvaro Obregón : opinión americana y propaganda mexicana /
Investigación histórica sobre las relaciones bilaterales entre México y Estados Unidos durante los años 1921-1923, en el marco de las presidencias de Alvaro Obregón y Warren G. Harding, un período especialmente difícil de esta relación en tanto el gobierno de Washington negaba su reconocimiento al r...
Guardado en:
| Hovedforfatter: | |
|---|---|
| Format: | Bog |
| Sprog: | spansk |
| Udgivet: |
México :
UNAM,
1983, c1983
|
| Fag: | |
| Tags: |
Ingen Tags, Vær først til at tagge denne postø!
|
MARC
| LEADER | 00000nam^a2200000^a^4500 | ||
|---|---|---|---|
| 001 | 000187623 | ||
| 005 | 20250521000000.0 | ||
| 009 | 20260310102310.362 | ||
| 020 | |a 968-58-0461-3 | ||
| 037 | |a Acervo ITESO - Biblioteca | ||
| 041 | |a ESP | ||
| 082 | |a 972. 0621 |b STR | ||
| 100 | |a Strauss Neuman, Martha |e (autor) | ||
| 245 | 1 | 3 | |a El reconocimiento de Alvaro Obregón : |b opinión americana y propaganda mexicana / |c M. Strauss Neuman. |
| 264 | 4 | |a México : |b UNAM, |c 1983, c1983 | |
| 300 | |a 128 p. | ||
| 336 | |a texto |b txt |2 rdacontenido | ||
| 337 | |a sin mediación |b n |2 rdamedio | ||
| 338 | |a volumen |b nc |2 rdasoporte | ||
| 520 | |a Investigación histórica sobre las relaciones bilaterales entre México y Estados Unidos durante los años 1921-1923, en el marco de las presidencias de Alvaro Obregón y Warren G. Harding, un período especialmente difícil de esta relación en tanto el gobierno de Washington negaba su reconocimiento al régimen obregonista. La autora abre su trabajo con la exposición de las posturas norteamericanas, tanto del gobierno como de los distintos sectores sociales, sobre los riesgos y ventajas que representaba reconocer al gobierno mexicano, para después hacer lo propio con la visión mexicana de estos hechos y analizar cómo se formuló y llevó a cabo la propaganda obregonista. Finalmente, la última sección consiste en una breve presentación de las conferencias de Bucareli que culminan con la reanudación de las relaciones diplomáticas entre ambos países en 1923. | ||
| 649 | |a XX | ||
| 650 | |a Reconocimiento (Derecho Internacional) | ||
| 650 | |a Relaciones Internacionales - |z México-EUA - |x Historia | ||
| 650 | |a Política Exterior - |z México - |x Historia - |y Régimen Obregonista, 1920-1924 | ||
| 650 | |a Política Exterior - |z México - |x Historia - |y Siglo XX | ||
| 650 | |a Política Exterior - |z EUA - |x Historia - |y 1919-1933 | ||
| 650 | |a Política Exterior - |z EUA - |x Historia - |y Siglo XX | ||
| 650 | |a Propaganda - |z México - |x Historia | ||
| 650 | |a Comunicación y Política - |z México - |x Historia | ||
| 650 | |a Política - |z México - |x Historia - |y Régimen Obregonista, 1920-1924 | ||
| 650 | |a Política - |z México - |x Historia - |y Siglo XX | ||
| 650 | |a Política - |z EUA - |x Historia - |y 1919-1933 | ||
| 650 | |a Política - |z EUA - |x Historia - |y Siglo XX | ||
| 650 | |a México - |x Historia - |y Régimen Obregonista, 1920-1924 | ||
| 650 | |a México - |x Historia - |y Siglo XX | ||
| 650 | |a EUA - |x Historia - |y 1919-1933 | ||
| 650 | |a EUA - |x Historia - |y Siglo XX | ||
| 910 | |a Fondo General | ||
| 920 | |a Impresos - Libros | ||
| 930 | |a Colección General | ||
| 905 | |a 101 | ||
| 901 | |a 0500130000 |b IT1 |c ACC |u 20250521 | ||
| 902 | |a https://opac.biblio.iteso.mx/vufind/Record/000187623 | ||